<?xml version="1.0" encoding="UTF-8"?>
<collection xmlns="http://www.loc.gov/MARC21/slim">
 <record>
  <leader>00537nam a2200157 a 4500</leader>
  <controlfield tag="001">1/36591</controlfield>
  <controlfield tag="008">090128s1964    enk           00100 eng d</controlfield>
  <datafield tag="035" ind1=" " ind2=" ">
   <subfield code="l">39123</subfield>
  </datafield>
  <datafield tag="040" ind1=" " ind2=" ">
   <subfield code="a">DLC</subfield>
   <subfield code="b">GR-PeUP</subfield>
  </datafield>
  <datafield tag="082" ind1="0" ind2="0">
   <subfield code="a">338.06 ROΒ</subfield>
  </datafield>
  <datafield tag="100" ind1="1" ind2=" ">
   <subfield code="a">Robinson, E. A. G.</subfield>
   <subfield code="q">(Edward Austin Gossage).</subfield>
  </datafield>
  <datafield tag="245" ind1="1" ind2="4">
   <subfield code="a">The structure of competitive industry /</subfield>
   <subfield code="c">E. A. G. Robinson.</subfield>
  </datafield>
  <datafield tag="260" ind1=" " ind2=" ">
   <subfield code="a">Digswell Place :</subfield>
   <subfield code="b">James Nisbet &amp; Co. Ltd.,</subfield>
   <subfield code="c">1964.</subfield>
  </datafield>
  <datafield tag="300" ind1=" " ind2=" ">
   <subfield code="a">xii,156 σ ;</subfield>
   <subfield code="c">18 εκ.</subfield>
  </datafield>
  <datafield tag="650" ind1=" " ind2="4">
   <subfield code="a">Industry.</subfield>
  </datafield>
  <datafield tag="852" ind1=" " ind2=" ">
   <subfield code="a">INST</subfield>
   <subfield code="b">UNIPILB</subfield>
   <subfield code="c">MAIN</subfield>
   <subfield code="e">20090205</subfield>
   <subfield code="h">338.06 ROΒ</subfield>
   <subfield code="p">00157772</subfield>
   <subfield code="q">00157772</subfield>
   <subfield code="t">LOAN</subfield>
   <subfield code="y">0</subfield>
   <subfield code="4">1</subfield>
  </datafield>
 </record>
</collection>
